000 00645nam a2200193Ia 4500
003 GCL
008 140319s9999 xx 000 0 ara d
020 _a4115307977
040 _aGCL /
_cGCL
082 0 4 _a004.692
_bع ت \\=aخالد العامرىv
245 1 0 _aتعليم البريد الا ليكترونىفى لمح البصر
700 1 _aعبدالحميد عبدالعاطى
250 _aالاولى
260 _aالقاهرة :
_bدار الفاروق للنشر والتوزيع ،
_c2001
300 _a128 ص ؛
_c24 سم
650 0 4 _aالإنترنت
650 0 4 _aالبريد الالكترونى
942 _2ddc
_cBK
999 _c2339
_d2339